Maxillofacial cone beam computed tomography (Registro nro. 10869)

000 -CABECERA
Campo de control de longitud fija 02767nam a22003257a 4500
003 - IDENTIFICADOR DEL NÚMERO DE CONTROL
Campo de control OSt
005 - FECHA Y HORA DE LA ÚLTIMA TRANSACCIÓN
Campo de control 20260420133031.0
008 - CÓDIGOS DE INFORMACIÓN DE LONGITUD FIJA
Campo de control de longitud fija 260417t2018 xxu||||| |||| 00| 0 eng d
020 ## - NÚMERO INTERNACIONAL NORMALIZADO PARA LIBROS (ISBN)
Número Internacional Normalizado para Libros (ISBN) 9783319620619
020 ## - NÚMERO INTERNACIONAL NORMALIZADO PARA LIBROS (ISBN)
Número Internacional Normalizado para Libros (ISBN) 9783319620596
040 ## - FUENTE DE LA CATALOGACIÓN
Centro catalogador de origen Unicoc
Lengua de catalogación spa
Centro que cataloga Bogotá (Dr. David Ordóñez Rueda) - Campus Norte
Centro modificador Bogotá (Dr. David Ordóñez Rueda) - Campus Norte
082 ## - NÚMERO DE LA CLASIFICACIÓN DECIMAL DEWEY
Número de clasificación 617.522
100 ## - PUNTO DE ACCESO PRINCIPAL - NOMBRE DE PERSONA
9 (RLIN) 13001
Nombre de persona Scarfe, William C.
245 ## - MENCIÓN DE TÍTULO
Título Maxillofacial cone beam computed tomography
Mención de responsabilidad etc. / William C. Scarfe, Christos Angelopoulos
250 ## - MENCIÓN DE EDICIÓN
Mención de edición 1 Ed.
260 ## - PUBLICATION, DISTRIBUTION, ETC. (IMPRINT)
Lugar de publicación distribución etc. Suiza :
Nombre del editor distribuidor etc. Springer ,
Fecha de publicación distribución etc. 2018
300 ## - DESCRIPCIÓN FÍSICA
Extensión 1241 páginas
Otras características físicas Ilustraciones, diagramas, tablas, gráficas
500 ## - NOTA GENERAL
Nota general Incluye referencias bibliográficas
505 ## - NOTA DE CONTENIDO CON FORMATO
Título Part I. Fundamentals of CBCT. --
-- 1: Historical perspectives on CBCT. --
-- 2. What is CBCT and how does it work?. --
-- 3. Image processing and visualization techniques. --
-- 4. Image quality. --
-- Part II. CBCT in daily clinical practice. --
-- 5. CBCT use in daily practice. --
-- 6. Ethical and medicolegal issues related to CBCT. --
-- 7. CBCT quality Assurance. --
-- 8. Radiation dose, risks, and protection in CBCT. --
-- Part III. Regional maxillofacial imaging. --
-- 9. The Skull. --
-- 10. The jaws, oral cavity, and nasopharynx. --
-- 11. Neck and cervical spine. --
-- 12. Anatomy of the nose and paranasal sinuses. --
-- 13. The upper airway. --
-- 14. Temporal bone. --
-- Part IV. Clinical applications. --
-- 15. Cone beam computed tomography and maxillofacial diagnosis. --
-- 16. Incidental findings on CBCT. --
-- 17. Soft tissue hyperdensities. --
-- 18. Applications of CBCT in orthodontics. --
-- 19. Orthodontic and orthognathic surgery planning and simulation software. --
-- 20. Dental implants. --
-- 21. Planning and assessment of bone reconstruction for dental implants. --
-- 22. Endodontic applications of CBCT. --
-- 23. Periodontal disease. --
-- 24. CBCT and the diagnosis of temporomandibular joint disease. --
-- 25. CBCT sialography. --
-- 26. Image-guided surgical navigation. --
-- 27. CBCT-Based image guidance for sinus and skull base surgery. --
-- 28. Obstructive sleep apnea hypopnea syndrome. --
-- 29. Dental impactions. --
-- 30. CBCT Imaging of sinonasal disease. --
-- 31. CBCT and additive manufacturing technology.
526 ## - NOTA DE INFORMACIÓN SOBRE EL PROGRAMA DE ESTUDIO
Institución que aplica el campo Unicoc
546 ## - NOTA DE LENGUA
Nota de lengua Inglés
650 #0 - PUNTO DE ACCESO ADICIONAL DE MATERIA - TÉRMINO DE MATERIA
9 (RLIN) 13008
Término de materia o nombre geográfico como elemento inicial Tomografía de cabeza
650 #0 - PUNTO DE ACCESO ADICIONAL DE MATERIA - TÉRMINO DE MATERIA
9 (RLIN) 13010
Término de materia o nombre geográfico como elemento inicial Tomografía computarizada
Subdivisión de forma Guías y manuales
650 #0 - PUNTO DE ACCESO ADICIONAL DE MATERIA - TÉRMINO DE MATERIA
9 (RLIN) 24
Término de materia o nombre geográfico como elemento inicial Diagnóstico por imágenes
650 #0 - PUNTO DE ACCESO ADICIONAL DE MATERIA - TÉRMINO DE MATERIA
9 (RLIN) 11097
Término de materia o nombre geográfico como elemento inicial Odontología digital
658 #0 - TÉRMINO DE INDIZACIÓN - OBJETIVO CURRICULAR
9 (RLIN) 11722
Programa Académico Especialización en Ortodoncia y Ortopedia Maxilar
700 ## - PUNTO DE ACCESO ADICIONAL - NOMBRE DE PERSONA
9 (RLIN) 13002
Nombre de persona Angelopoulos, Christos
856 ## - LOCALIZACIÓN Y ACCESO ELECTRÓNICOS
Texto del enlace Acceso online exclusivo para comunidad Unicoc.
Identificador Uniforme del Recurso (URI) https://unicoceduco-my.sharepoint.com/:b:/g/personal/direccionbiblioteca_unicoc_edu_co/IQD_rtGy7s7fRp2_7y9PGHJbAUlmYxknWAliv8osILbQJbo
942 ## - ENTRADA PARA ELEMENTOS AGREGADOS (KOHA)
Fuente de clasificación o esquema de ordenación en estanterías
Koha [por defecto] tipo de item Libro electrónico
Existencias
Localización actual Fecha última consulta Fecha del precio de reemplazo No para préstamo Código de barras Fuente de clasificación o esquema de ordenación en estanterías Fuente de adquisición Precio Localización permanente Código de colección Signatura completa Fecha de adquisición Estado de pérdida Tipo de item de Koha Estropeado
Bogotá (Dr. David Ordóñez Rueda) - Campus Norte2026-04-172026-04-17 Ebook10869 Compra200000.00Bogotá (Dr. David Ordóñez Rueda) - Campus NorteColeccion Online617.5222026-04-17 Libro electrónico 

© 2014 UNICOC | Institución Universitaria Colegios de Colombia - UNICOC
Bogotá D.C. Autopista Norte Km. 20. Teléfono:(571)6683535
Cali: Calle 13 Norte No. 3N-13. Teléfono: (572)6608887

Con tecnología de Koha